Aj mŕtvy sa vracia k 35. výročiu narodenia Petra Zaťka

Bibliographic Details
Main Author: Teren, Štefan, 1912-2003 (Author)
Format: Article
Language:Slovak
Subjects:

MARC

LEADER 00000nab a2200000 a 4500
001 vtls000711351
003 SK-MaSNL
005 20260302195424.0
008 140617c xo 0 slo
015 |a SNBRB2000/01-03163 
035 |a CLN000063518 
040 |a SNKBUCL  |b slo  |c SNKBUCL  |e AACR2 
041 0 |a slo 
044 |a xo  |c SK 
080 |a 33-051  |2 1997 
080 |a 929 Zaťko, Peter  |2 1997 
100 1 |a Teren, Štefan,  |d 1912-2003  |4 aut  |9 192795 
245 1 0 |a Aj mŕtvy sa vracia  |b k 35. výročiu narodenia Petra Zaťka  |c Štefan Teren 
600 1 7 |a Zaťko, Peter,  |d 1903-1978  |2 snkbucl 
655 7 |a články z novín a časopisov  |2 snkbucl  |9 267496 
773 0 |t Tvorba T  |g Roč. 9 (18), č. 3 (1999), s. 52-55 
850 |a Slovenská národná knižnica v Martine 
852 |a SNK  |b KIS3GCP 
958 |a SK 
958 |a BX 
992 |a RBX 
999 |c 1452613  |d 1454543